| 000 | 00512nam a22002057a 4500 | ||
|---|---|---|---|
| 003 | OSt | ||
| 005 | 20140807141812.0 | ||
| 008 | 030206s2002 ck 000 0 spa d | ||
| 020 | _a9701012976 | ||
| 040 | _cOSt | ||
| 082 |
_221 _a530 _bS479 |
||
| 100 | 1 |
_aSerway, Raymond A. _9156 |
|
| 245 | 0 | 0 |
_aFísica / _c Raymond A.Serway |
| 250 | _a4 ed. | ||
| 260 |
_aMéxico : _bMcGraw-Hill, _c1997. |
||
| 300 | _a1452 p. | ||
| 490 | _vII t. | ||
| 650 | 0 | 4 |
_2LEMB _xFÍSICA _xMETODOS MATEMATICOS _9157 |
| 942 |
_2ddc _cBK |
||
| 999 |
_c3951 _d3951 |
||